000 00947nam a2200265 a 4500
001 BRCA_8326
005 20190320210229.0
008 300614s1927----gw-a###f##---#001-0#ger-#
041 _ager
044 _agw
050 4 _aN6845
_b.W4 1927
100 1 _aWeese, Artur
_920803
245 1 0 _aSkulptur und Malerei in Frankreich in XV. und XVI. jahrhundert
_cvon Artur Weese ; begründet von Fritz Burger ; herausgegeben von A. E. Brinckmann.
260 _aAlemania
_bAkademische Verlagsgesellschaft Athenaion
_c1927
300 _a220 p.
_bil. (algunas a color), 9 láminas
_c29 cm.
440 0 _aHandbuch der Kunstwissenschaft
_920804
500 _aIncluye índice de artistas e índice de obras
500 _aR35
650 1 4 _aEscultura francesa
_ySiglos XV y XVI
_920805
650 1 4 _aPintura francesa
_ySiglos XV y XVI
_920806
700 1 _aBurger, Fritz
_920807
700 1 _aBrinckmann. A. E.
_eed.
_920808
902 _aGFM
942 _2lcc
_cB
999 _c7994
_d7994